|
|
|
|
| LEADER |
00785naa a2200205 i 4500 |
| 001 |
publ15496 |
| 005 |
20190705111454.0 |
| 008 |
190521s2015 hu o 1|| angol d |
| 024 |
7 |
|
|a 2920696
|2 mtmt
|
| 040 |
|
|
|a SZTE Publicatio Repozitórium
|b hun
|
| 041 |
|
|
|a angol
|
| 100 |
1 |
|
|a Szomora Zsolt
|
| 245 |
1 |
0 |
|a Penal Law Sanctions in Hungary
|h [elektronikus dokumentum] :
|b Country Report /
|c Szomora Zsolt
|
| 260 |
|
|
|c 2015
|
| 300 |
|
|
|a 39
|
| 300 |
|
|
|a 183-219
|
| 490 |
0 |
|
|a 2. Ceza Hukuku Reformlari Kongress= 2nd Criminal Law Reform Kongress
|
| 700 |
0 |
1 |
|a Karsai Krisztina
|e aut
|
| 711 |
|
|
|a 2. Ceza Hukuku Reformlari Kongress= 2nd Criminal Law Reform Kongress
|c Isztambul
|d 2015.05.30-2015.06.06
|
| 856 |
4 |
0 |
|u http://publicatio.bibl.u-szeged.hu/15496/6/Penal_with_Szomora.pdf
|z Dokumentum-elérés
|